000 00684nam a2200217Ia 4500
005 20260629163253.0
008 260629s9999||||xx |||||||||||||| ||und||
020 _a8122902928
_qpbk
082 _a801.95
_bWIM
100 _aWimsatt, William K.
245 0 _aLiterary criticism : a short history
250 _ac. 1957 ; 1st Indian rep. 2007
260 _aDelhi
_bSurjeet Publications
_c1957
300 _axvii, 755[xxii]p. ; 21cm.
653 _aCriticism--History
653 _aHistorical treatment of literary criticism
653 _aLiterary criticism and theory, modern period
653 _aLiterature--History and criticism
700 _aBrooks, Cleanth
942 _cBK
999 _c57267
_d57267